000 00792nam a2200241 i 4500
001 65345
003 ES-MaACL
005 20250808020342.0
007 t|
008 040112s1956 sp |||| | spa d
100 1 _aFranco Bahamonde, Francisco,
_d1892-1975
_952240
245 1 0 _aDiario de una bandera /
_cComandante Franco ; prólogo de Manuel Aznar.
250 _a1ª ed.
260 _aMadrid :
_bAfrodisio Aguado,
_c[1956] (
_fTip. Moderna)
300 _a199 p., 11 lám. ;
_c24 cm.
490 1 _aVida e historia ;
_v5
610 1 4 _aEspaña.
_bLegión.
_9149416
650 4 _aGuerra del Rif, 1921-1926.
_9142118
700 1 _aAznar Zubigaray, Manuel,
_d1894-1975
_924321
830 0 0 _aVida e historia
_v5
_9180776
852 _aES-MaACL
_jC-11248
999 _c65345
_d65345